الإنتاج العلمي للعاملين في الجامعة الأردنية 1962-1987 / (رقم التسجيلة. 4787)

تفاصيل مارك
000 -LEADER
fixed length control field 00581nam a22001817a 4500
005 - DATE AND TIME OF LATEST TRANSACTION
control field 20251108164138.0
008 - FIXED-LENGTH DATA ELEMENTS--GENERAL INFORMATION
fixed length control field 250721s1988 xx 000 0 ara d
082 14 - DEWEY DECIMAL CLASSIFICATION NUMBER
Classification number م/015.028/انت
100 1# - MAIN ENTRY--PERSONAL NAME
Personal name البخيت، محمد عدنان
245 10 - TITLE STATEMENT
Title الإنتاج العلمي للعاملين في الجامعة الأردنية 1962-1987 /
264 1# - PRODUCTION, PUBLICATION, DISTRIBUTION, MANUFACTURE, AND COPYRIGHT NOTICE
Place of production, publication, distribution, manufacture عمان :
Name of producer, publisher, distributor, manufacturer الجامعة الأردنية،
Date of production, publication, distribution, manufacture, or copyright notice 1988.
300 ## - PHYSICAL DESCRIPTION
Extent 164ص
650 17 - SUBJECT ADDED ENTRY--TOPICAL TERM
Topical term or geographic name as entry element الجامعات
650 17 - SUBJECT ADDED ENTRY--TOPICAL TERM
Topical term or geographic name as entry element الأبحاث
710 2# - ADDED ENTRY--CORPORATE NAME
Corporate name or jurisdiction name as entry element الجامعة الأردنية
942 ## - ADDED ENTRY ELEMENTS (KOHA)
Source of classification or shelving scheme Dewey Decimal Classification
Koha item type مراجع
المقتنيات
حالة السحب حالة الفقدان مصدر التصنيف حالة التلف غير قابل للإعارة المكتبة الرئيسية المكتبة الحالية موقع الرف تاريخ التزويد الرقم المتسلسل Total Checkouts رقم الإستدعاء تاريخ آخر ظهور تاريخ الفاتورة نوع المادة (كوها) الباركود
    Dewey Decimal Classification     المكتبة المركزية المكتبة المركزية مقتنيات قسم التزويد 28/07/2025 1557631   م/015.028/انت 28/07/2025 28/07/2025 مراجع  
    Dewey Decimal Classification     المكتبة المركزية المكتبة المركزية مقتنيات قسم التزويد 28/07/2025 1557632   م/015.028/انت 28/07/2025 28/07/2025 مراجع  
    Dewey Decimal Classification     المكتبة المركزية المكتبة المركزية مقتنيات قسم التزويد 28/07/2025 1557633   م/015.028/انت 28/07/2025 28/07/2025 مراجع  
    Dewey Decimal Classification     مكتبة أبو علندا العامة مكتبة أبو علندا العامة الإعارة 06/07/2004 830   م/015.028/انت 28/07/2025 06/07/2004 مراجع DUP-01_830
    Dewey Decimal Classification   Not For Loan مكتبة الأميرة ايمان العامة مكتبة الأميرة ايمان العامة مراجع 11/11/2013 1557634   م/015.028/انت 28/07/2025 11/11/2013 مراجع PLD00285717
    Dewey Decimal Classification Unchecked   مكتبة حمزة العامة مكتبة حمزة العامة الإعارة 06/07/2004 5123   م/015.028/انت 28/07/2025 06/07/2004 مراجع  
Implemented & Customized by: BBB with SCIT (Smart Chains for Information Technology)

Powered by Koha